| 000 | 03294nam a22002177a 4500 | ||
|---|---|---|---|
| 003 | TH-BaNU | ||
| 005 | 20230330101358.0 | ||
| 008 | 230330b2022 TH ||||| |||| 00| 0 tha d | ||
| 020 | _a9786162400827 | ||
| 040 | _aTH-BaNU | ||
| 100 | _a อณุนาคินทร์ | ||
| 245 | _aเกมหัวใจพยศรัก | ||
| 260 |
_aกรุงเทพฯ: _bกรีนมายด์: _c2565 |
||
| 300 | _a272 หน้า | ||
| 520 | _aใครจะรู้ว่า แค่ภาพถ่ายที่ "อังสนา" นักข่าวสาวถ่ายไว้ได้ในวันที่บังเอิญเจอ "ภูวดล" หนุ่มนักธุรกิจรูปหล่อ ผู้เก็บเนื้อเก็บตัว กำลังจู๋จี๋อยู่กับหญิงสาวคนหนึ่ง จะทำให้เขาถึงขั้นควานหาตัวเธอเพื่อขอคืนภาพถ่ายเหล่านั้น พร้อมสั่งห้ามเผยแพร่ผ่านสื่อใดๆ เด็ดขาด มิฉะนั้นเขาจะไม่รับรองในความปลอดภัยของตัวเธอ อังสนายินดีคืนให้ แต่เขาต้องให้เธอสัมภาษณ์ลงข่าวเป็นข้อแลกเปลี่ยนเช่นกัน ซึ่งภูวดลก็จำยอมทำตามข้อเสนอ เรื่องคงลงเอยด้วยดี ถ้าภาพเหล่านั้นไม่ ถูกกระจายผ่านโซเชียลเน็ตเวิร์กในภายหลัง ด้วยฝีมือลูกพี่ลูกน้องที่รู้เท่าไม่ถึงการณ์ ทำให้ชายหนุ่มถึงกับควันออกหู ตามล่าเธอที่ทำเนียนจะหนีให้มารับผิดชอบ แต่ด้วยนิสัยที่ไม่เคยยอมใคร ทำให้หญิงสาวเผลอทำร้ายของรักของหวงจากคนรักเก่าเขาเข้าอีก นั่นยิ่งทำให้ภูวดลทวีความโกรธ ชายหนุ่มถึงกับเลือกใช้วิธีป่าเถื่อน จับตัวหญิงสาวมากักขังหน่วงเหนี่ยวเพื่อชดใช้ในสิ่งที่ทำทั้งหมด ด้วยการใช้เสน่ห์อันเหลือร้ายของตน หลอกล่อให้เธอติดกับและหลงใหล แล้วประกาศกร้าวว่า นั่นเป็นเพียงแค่ "เกม" | ||
| 650 | _aวรรณกรรม | ||
| 850 | _aKCNL | ||
| 856 |
_uhttps://se-ed.belibcloud.com/book-detail/18269 _yse-ed e-library |
||
| 942 |
_2local _cEBK |
||
| 998 | _cbee | ||
| 999 |
_c37501 _d37501 |
||